| 000 | 01423nam a2200361 a 4500 | ||
|---|---|---|---|
| 999 |
_c1664 _d1664 |
||
| 001 | 4902257 | ||
| 003 | GZU | ||
| 005 | 20201021100645.0 | ||
| 008 | 940429s1993 rh a b 101 0 eng | ||
| 010 | _a 93849432 | ||
| 020 | _a0797412255 | ||
| 040 |
_aDLC _cDLC |
||
| 042 | _alcode | ||
| 043 | _afs----- | ||
| 050 | 0 | 0 |
_aHD2130 _b.FOO 1993 |
| 245 | 0 | 0 |
_aFood policy and agriculture in southern Africa / _cRichard Mkandawire and Khabele Matlosa (editors). _hBook |
| 260 |
_aHarare : _bSAPES Books, _c1993. |
||
| 300 |
_ax, 250 p. : _bill. ; _c21 cm. |
||
| 440 | 0 | _aRegional cooperation series | |
| 500 | _a"The papers were presented at the Gaborone Conference, October 8-11 1991, on Regional Cooperation and Integration"--Acknowledgements. | ||
| 500 | _a"SAPES Trust"--P. [4] of cover. | ||
| 504 | _aIncludes bibliographical references and indexes. | ||
| 650 | 0 |
_aAgriculture and state _zAfrica, Southern _xCongresses. |
|
| 650 | 0 |
_aFood supply _xGovernment policy _zAfrica, Southern _xCongresses. |
|
| 650 | 0 |
_aAfrican cooperation _xCongresses. |
|
| 700 | 1 | _aMkandawire, Richard. | |
| 700 | 1 | _aMatlosa, K. T. | |
| 710 | 2 | _aSAPES Trust. | |
| 711 | 2 |
_aConference on Regional Cooperation and Integration _d(1991 : _cGaborone, Botswana) |
|
| 906 |
_a7 _bcbc _corigode _d3 _encip _f19 _gy-gencatlg |
||
| 942 |
_2lcc _cBK _h2130 _iFOO _kHD |
||